000 00742nam a22002177a 4500
999 _c20520
_d20520
003 AR-CdUCM
008 190531b ||||| |||| 00| 0 spa d
040 _aMUNICIPALIDAD PROVINCIAL DEL CUSCO
_cBIBLIOTECA MUNICIPAL DEL CUSCO
082 _a800.81 /
_bH27
100 _aHesse, Hermann
_91664
245 _aObras escogidas /
260 _aValencia :
_bAguilar,
_c1960.
300 _a1269 páginas ;
_c17 cm.
440 _aHesse obras escogidas
_942895
505 _aContenido: Peter Camenzind -- Bajo la rueda -- El ciclón -- Hermosa es la juventud...
650 _aPremio nobel
_9357
650 _aObras escogidas de hesse
_942896
700 _aLuque, Mariano S. (traductor)
_942897
942 _2ddc
_cLIBROS
945 _adavv
_d2019-05-31